| 000 | 00813nam a22002057a 4500 | ||
|---|---|---|---|
| 005 | 20230511085101.0 | ||
| 008 | 230419b ec |||||||| |||| 00| 0 spa d | ||
| 020 | _a9978840257 (Colección) | ||
| 020 | _a9978842624 (vol. 50) | ||
| 050 | 0 | 4 |
_aP92.L29 _bO78 1999 |
| 100 | 1 | _aOrtíz Crespo, Gonzalo | |
| 245 | 1 | 0 |
_aEn el alba del milenio _b : globalización y medios de comunicación en América Latina _c / Gonzalo Ortiz Crespo. |
| 260 |
_aQuito : _bCorporación Editora Nacional, _c1999 |
||
| 300 |
_a276 p. ; _c21 cm. |
||
| 490 | 0 |
_aBiblioteca de Ciencias Sociales ; _v50 |
|
| 504 | _aBibliografía : p. 263-269 | ||
| 650 | 4 |
_2lemb _aMedios de comunicación masiva _xGlobalización _zAmérica Latina |
|
| 650 | 7 |
_2lemb _aMedios de comunicación de masas _xGlobalización _zAmérica Latina |
|
| 942 |
_2lcc _cLIB |
||
| 999 |
_c139823 _d139821 |
||